Drainage of highway pavements (Record no. 547492)
[ view plain ]
| 000 -LEADER | |
|---|---|
| fixed length control field | 00406nam a22001337a 4500 |
| 082 ## - DEWEY DECIMAL CLASSIFICATION NUMBER | |
| Classification number | 625.734 |
| Author Mark | DRA |
| 100 ## - MAIN ENTRY--PERSONAL NAME | |
| Personal name | US Department of Transportation |
| 9 (RLIN) | 13255 |
| 245 ## - TITLE STATEMENT | |
| Title | Drainage of highway pavements |
| Statement of responsibility, etc. | US Department of Transportation |
| 260 ## - PUBLICATION, DISTRIBUTION, ETC. | |
| Place of publication, distribution, etc. | USA |
| Name of publisher, distributor, etc. | US Department of Transportation |
| Date of publication, distribution, etc. | 1969 |
| 300 ## - PHYSICAL DESCRIPTION | |
| Extent | vi, 12-90.p: |
| 526 ## - STUDY PROGRAM INFORMATION NOTE | |
| Program name | 0 |
| Interest level | 0 |
| Reading level | 0 |
| Title point value | 625_734000000000000_DRA |
| 650 ## - SUBJECT ADDED ENTRY--TOPICAL TERM | |
| Topical term or geographic name entry element | MCE |
| 9 (RLIN) | 379 |
| 942 ## - ADDED ENTRY ELEMENTS (KOHA) | |
| Source of classification or shelving scheme | |
| Koha item type | Book |
| Withdrawn status | Lost status | Source of classification or shelving scheme | Damaged status | Not for loan | Permanent Location | Current Location | Date acquired | Total Checkouts | Full call number | Barcode | Date last seen | Price effective from | Koha item type |
|---|---|---|---|---|---|---|---|---|---|---|---|---|---|
| Military College of Engineering (MCE) | Military College of Engineering (MCE) | 07/18/2014 | 625.734 DRA | MCE-43139 | 07/18/2014 | 07/18/2014 | Book |
